Statistics for World Capital Treasure Hunt

Click here to take the quiz!

General Stats

  • This quiz has been taken 126 times
  • The average score is 13 of 20

Answer Stats

kmCapitalmiles% Correct
2596Paris1613
86%
6840Beijing4250
83%
14,515Canberra9409
79%
3087Madrid1918
78%
11,763Mexico City7309
78%
10,366Brasilia6441
77%
8167Ottawa5075
77%
9115Jakarta5664
72%
16,840Wellington10,464
72%
7712Hanoi4419
68%
12,566Lima7808
68%
4607Nairobi2863
64%
1695Tehran1053
63%
1934Tripoli1202
63%
0Ankara0
61%
5748Freetown3572
61%
6433Harare3997
61%
715, 2nd closestBeirut444
45%
531, closestNicosia331
43%
748, 3rd closestBucharest465
41%

Score Distribution

Percentile by Number Answered

Percent of People with Each Score

Your Score History

You have not taken this quiz